00876nam a2200229 a 450000100060000000300080000600500170001400800410003103500190007204000270009104100080011808200310012610000210015724502070017826000870038530000330047250400260050565000290053165000430056070000240060370000190062767243BD-RjUL20211209081629.0170323s1982 alua b 000 0 eng d a(BD-RjUL)67374 aDLCcDLCbengdBD-RjUL aeng 223a338.16095492bSIA 19821 aSidhu, Surjit S.10aAgricultural production, fertilizer use, and equity considerations :bresults and analysis of farm survey data, 1980/82, Bangladesh /cprepared by Surjit S. Sidhu, Carlos A. Baanante, and Ekramul Ahsan. aMuscle Shoals, Ala., U.S.A. :bInternational Fertilizer Development Center,c1982. axv, 180 p. :bill. ;c28 cm. aIncludes bibliography 0aFertilizerszBangladesh. 0aAgricultural productivityzBangladesh.1 aBaanante, Carlos A.1 aAhsan, Ekramul